LEADER 01150nam a2200289 u 4500 001 000000048943 003 CaOOAMICUS 005 20070226115045.0 008 000608s2000 it u000 u ita u 020 $a8837217706 035 $a10849627 040 $aPUL$bita 245 00$aMazzolari e "adesso" :$bcinquant'anni dopo /$cGiorgio Campanini, Matteo Truffelli (a cura di) 260 $aBrescia :$bMorcelliana,$c2000. 300 $a388 p. ;$c23 cm 500 $aContiene indici. 504 $aBibliografia in nota. 600 14$aMazzolari, Primo,$d1890-1959.$0(OLS)http://pul/subject/9408 700 1 $aTruffelli, Matteo.$0(OLS)http://pul/name/35488 700 1 $aCampanini, Giorgio,$d1930-$0(OLS)http://pul/name/113 850 $aPUL 852 $aPUL$W1$xDP1 Fondo Pastorale$y55$mP12 B 26$j65116$nBK-PRI$b $qFondi$B65116$CPULBib$Z2$F65116 $H $81 941 1 $a1 961 $aINV: 82071 996 $6020$a8837217706$9(OLS)http://pul/number/61734 996 $6245$aMazzolari e "adesso" :$bcinquant'anni dopo$9(OLS)http://pul/title/65979 996 $6260$aBrescia :$bMorcelliana$9(OLS)http://pul/publisher/47854 LEADER 01656nam a2200337 u 4500 001 000000033357 003 CaOOAMICUS 005 20070226112344.0 008 971031s1987 it u000 u ita u 035 $a10775030 040 $aPUL(R)$bita 041 1 $aita$hfre 100 1 $aMartimort, Aimé-Georges,$csac.$0(OLS)http://pul/name/4181 240 10$aEglise en prière : introduction à la Liturgie.$0I,$pPrincipes de la liturgie.$lItaliano.$0(OLS)http://pul/title/45930 245 13$aLa chiesa in preghiera.$nI,$pPrincipi della liturgia :$bintroduzione alla liturgia /$cAimé Georges Martimort ; con la collaborazione di Robert Cabié ... [et al.] ; [con la collaborazione di] Irénée Henri Dalmais ... [et al.] ; edizione italiana a cura di Adelio Biazzi. 246 30$aPrincipi della liturgia 250 $aEd. rinnovata. 260 $aBrescia :$bQueriniana,$cc1987. 300 $a332 p. ;$c24 cm 500 $a"Indice analitico": p. 309-332. 504 $aBibliografia in nota. 700 1 $aDalmais, Henri Irénée.$0(OLS)http://pul/name/26048 700 1 $aCabié, Robert.$0(OLS)http://pul/name/9265 700 1 $aBiazzi, Adelio.$0(OLS)http://pul/name/26047 850 $aPUL 852 $aPUL$W1$xSL Religione 1$y3$m12 D 96$j45824$nBK-PRI$b $qStampati$B45824$CPULBib$Z2$F45824 $H $81 941 1 $a8 961 $aINV: 55879. 996 $6245$aLa chiesa in preghiera.$nI,$pPrincipi della liturgia :$bintroduzione alla liturgia$9(OLS)http://pul/title/45931 996 $6246$aPrincipi della liturgia$9(OLS)http://pul/title/45932 996 $6260$aBrescia :$bQueriniana$9(OLS)http://pul/publisher/47906